<?xml version="1.0" encoding="UTF-8"?>
<marc:record xmlns:marc="http://www.loc.gov/MARC21/slim">
   <marc:leader>00000nam a2200000 a 4500</marc:leader>
   <marc:datafield ind1="1" ind2=" " tag="100">
      <marc:subfield code="a">Wechselberger, Johanna</marc:subfield>
      <marc:subfield code="4">ctb</marc:subfield>
      <marc:subfield code="e">Mitwirkende/-r</marc:subfield>
   </marc:datafield>
   <marc:datafield ind1="1" ind2=" " tag="100">
      <marc:subfield code="a">Hierl, Tobias</marc:subfield>
      <marc:subfield code="4">ctb</marc:subfield>
      <marc:subfield code="e">Mitwirkende/-r</marc:subfield>
   </marc:datafield>
   <marc:datafield ind1=" " ind2=" " tag="653">
      <marc:subfield code="a">Kaffee</marc:subfield>
   </marc:datafield>
   <marc:datafield ind1=" " ind2=" " tag="653">
      <marc:subfield code="a">Ratgeber</marc:subfield>
   </marc:datafield>
   <marc:datafield ind1=" " ind2=" " tag="653">
      <marc:subfield code="a">Kochbuch</marc:subfield>
   </marc:datafield>
   <marc:datafield ind1="0" ind2="0" tag="245">
      <marc:subfield code="a">Das Kaffeebuch</marc:subfield>
   </marc:datafield>
   <marc:datafield ind1="0" ind2="0" tag="245">
      <marc:subfield code="b">für Anfänger, Profis und Freaks</marc:subfield>
   </marc:datafield>
   <marc:datafield ind1="0" ind2="0" tag="245">
      <marc:subfield code="c">Johanna Wechselberger ; Tobias Hierl</marc:subfield>
   </marc:datafield>
   <marc:datafield ind1=" " ind2="1" tag="264">
      <marc:subfield code="a">Wien</marc:subfield>
      <marc:subfield code="b">Braumüller Lesethek</marc:subfield>
      <marc:subfield code="c">2011</marc:subfield>
   </marc:datafield>
   <marc:datafield ind1=" " ind2=" " tag="250">
      <marc:subfield code="a">2., erw. und aktualisierte Aufl.</marc:subfield>
   </marc:datafield>
   <marc:datafield ind1="1" ind2=" " tag="520">
      <marc:subfield code="a">Angaben aus der Verlagsmeldung

Das Kaffeebuch : für Anfänger, Profis und Freaks / von Johanna Wechselberger, Tobias Hierl

Das einzige Kaffeebuch, das Sie je brauchen werden: Welcher Typ Kaffeemaschine passt zu wem? Wie bereite ich den perfekten Espresso zu? Und wo kommen eigentlich die Kaffeebohnen her? Die Kaffee-Spezialisten Johanna Wechselberger und Tobias Hierl geben kompetente Antworten für Genussmenschen.

Anfänger erfahren alles über:
* den perfekten Espresso, köstlich feinporigen Milchschaum – Schritt für Schritt erklärt
* Kaffeemaschinen und Zubereitungsarten vom Espressovollautomaten bis hin zum türkischen Kaffee
* Kaffeerezepte – Wiener Melange, Irish Coffee, White Chocolate Macchiato …
* Kaffeeanbau, Verarbeitung, Handel, Zertifizierungen

Profis erweitern ihr Wissen:
* wie man mit der Abstimmung von Mahlgrad und Temperatur das Beste aus jedem Kaffee herausholt
* wie der Kaffee richtig getampt wird
* wie man mit „Latte Art“ kleine Kunstwerke in der Tasse kreiert

Freaks finden Anregungen und Ideen:
* zu eigenen Kaffeeröstungen und den physikalisch-chemischen Vorgängen dahinter
* wie man Filterkaffee nach dem „Gold Cup Standard“ zubereitet
* welche speziellen Vorteile ein bodenloser Siebträger bietet u.v.m.

… und welcher Kaffeetyp sind Sie?
</marc:subfield>
   </marc:datafield>
   <marc:datafield ind1=" " ind2=" " tag="020">
      <marc:subfield code="a">9783991000457</marc:subfield>
      <marc:subfield code="9">9783991000457</marc:subfield>
   </marc:datafield>
   <marc:datafield ind1=" " ind2=" " tag="300">
      <marc:subfield code="a">V, 201 S.</marc:subfield>
   </marc:datafield>
</marc:record>
